000 00511nam a2200181Ia 4500
005 20250508162107.0
008 008 250505s9999 xx 000 0 eng d
037 _aTextual
040 _aFEDL
_beng
_cFEDL
041 _aeng
_2eng
084 _a371.21, ALM
_qFEDL
100 _aAlmy Millie
_9762568
245 0 _aEarly childhood educator at work
260 _aNew York, USA
_bMcGraw-Hill Book Company
_c1975
300 _aix,275p.
942 _cTEXL
_h371.21, ALM
999 _c1374338
_d1374338